[Event "Mundial Juvenil femenino 2005 s12"]
[Site "Belfort FRA"]
[Date "2005.07.30"]
[Round "11.7"]
[White "Lolici, Iselin"]
[Black "Pujari, Rucha"]
[Result "0-1"]
[WhiteElo "2049"]
[BlackElo "1833"]
[PlyCount "54"]
[EventDate "2005.07.19"]
[EventType "swiss"]
[EventRounds "11"]
[EventCountry "FRA"]
[Source "lmi"]
[SourceDate "2005.07.31"]

1. c4 g6 2. g3 Bg7 3. Bg2 d6 4. Nc3 Nc6 5. e4 Bd7 6. Nge2 Qc8 7. O-O Bh3 8. d3
Bxg2 9. Kxg2 h5 10. h4 Nh6 11. Be3 Qd7 12. a3 f6 13. b4 Nf7 14. b5 Nce5 15. Qc1
Nxd3 16. Qd2 Nde5 17. Qd5 c6 18. bxc6 bxc6 19. Qd4 g5 20. f4 Ng4 21. fxg5 Nfe5
22. gxf6 Bxf6 23. Bf4 Rg8 24. c5 Nf3 25. Qc4 Nxh4+ 26. Kh1 d5 27. exd5 cxd5 0-1

[Event "Mundial Juvenil femenino 2005 s12"]
[Site "Belfort FRA"]
[Date "2005.07.30"]
[Round "11.8"]
[White "Chen, Yidi"]
[Black "Cori T., Deysi"]
[Result "1-0"]
[WhiteElo "1599"]
[BlackElo "2035"]
[PlyCount "49"]
[EventDate "2005.07.19"]
[EventType "swiss"]
[EventRounds "11"]
[EventCountry "FRA"]
[Source "lmi"]
[SourceDate "2005.07.31"]

1. e4 c5 2. Nf3 d6 3. d4 cxd4 4. Nxd4 Nf6 5. Nc3 a6 6. Bg5 e6 7. f4 Qb6 8. Qd2
Qxb2 9. Rb1 Qa3 10. f5 Qc5 11. fxe6 fxe6 12. Be2 Be7 13. Be3 Qc7 14. a4 O-O 15.
O-O Bd7 16. Rb3 Rc8 17. Rfb1 e5 18. Nf3 Qc6 19. Bd3 Bd8 20. Nd5 Nxd5 21. exd5
Qxa4 22. Rxb7 Qa5 23. Qd1 h6 24. Ra7 e4 25. Rb4 1-0

[Event "Mundial Juvenil femenino 2005 s12"]
[Site "Belfort FRA"]
[Date "2005.07.30"]
[Round "11.9"]
[White "Vilce, Andrea"]
[Black "Haast, Anne"]
[Result "1/2-1/2"]
[WhiteElo "1599"]
[BlackElo "1599"]
[PlyCount "66"]
[EventDate "2005.07.19"]
[EventType "swiss"]
[EventRounds "11"]
[EventCountry "FRA"]
[Source "lmi"]
[SourceDate "2005.07.31"]

1. d4 d5 2. c4 e6 3. cxd5 exd5 4. Nc3 Nf6 5. Bg5 Be7 6. e3 Nc6 7. Nf3 h6 8. Bh4
g5 9. Bg3 Nh5 10. Be5 f6 11. Bg3 Nxg3 12. hxg3 Be6 13. Bd3 f5 14. Qa4 Qd7 15.
Bb5 Bf6 16. O-O-O a6 17. Kb1 Kf7 18. Bd3 b5 19. Qb3 Ne7 20. Qc2 Kg7 21. Nd2 Ng6
22. Nb3 Be7 23. Ne2 c6 24. Rc1 Rhc8 25. g4 Rf8 26. gxf5 Bxf5 27. Bxf5 Qxf5 28.
Qxf5 Rxf5 29. Rhf1 Rf6 30. Ng3 Kh7 31. Nh5 Re6 32. Nc5 Bxc5 33. Rxc5 Rf8
1/2-1/2

[Event "Mundial Juvenil femenino 2005 s12"]
[Site "Belfort FRA"]
[Date "2005.07.30"]
[Round "11.10"]
[White "Pavlidou, Ekaterini"]
[Black "Capelo, Paola"]
[Result "1-0"]
[WhiteElo "1970"]
[BlackElo "1599"]
[PlyCount "65"]
[EventDate "2005.07.19"]
[EventType "swiss"]
[EventRounds "11"]
[EventCountry "FRA"]
[Source "lmi"]
[SourceDate "2005.07.31"]

1. d4 Nf6 2. c4 e6 3. Nc3 Bb4 4. Qc2 Nc6 5. Nf3 d5 6. e3 O-O 7. Be2 dxc4 8.
Bxc4 Nd5 9. O-O Kh8 10. Rd1 Be7 11. a3 Bf6 12. Qe4 Nce7 13. Bd3 Ng6 14. g3 Be7
15. Ne5 Nf6 16. Qg2 Bd6 17. Bc2 Qe7 18. Qh3 Nxe5 19. dxe5 Bxe5 20. g4 g6 21.
Ne2 Nd7 22. e4 Bg7 23. Nf4 c6 24. e5 Nxe5 25. Re1 Qe8 26. Bd2 Nd7 27. g5 e5 28.
Qh4 Rg8 29. Bc3 f5 30. Re3 Qf7 31. Bb3 Qe8 32. Bxg8 Qxg8 33. Nxg6# 1-0

[Event "Mundial Juvenil femenino 2005 s14"]
[Site "Belfort FRA"]
[Date "2005.07.19"]
[Round "1.3"]
[White "Francis, Gwenaelle"]
[Black "Bodnaruk, Anastasia"]
[Result "0-1"]
[WhiteElo "1599"]
[BlackElo "2165"]
[PlyCount "74"]
[EventDate "2005.07.19"]
[EventType "swiss"]
[EventRounds "11"]
[EventCountry "FRA"]
[Source "lmi"]
[SourceDate "2005.07.31"]

1. d4 Nf6 2. c4 g6 3. Nc3 Bg7 4. Bf4 O-O 5. e3 d6 6. Be2 Nfd7 7. Nf3 e5 8. Bg3
c6 9. O-O Qe7 10. Re1 f5 11. Bh4 Nf6 12. Rc1 Nbd7 13. Qb3 Kh8 14. Qc2 h6 15. h3
Re8 16. b4 e4 17. Nd2 Nf8 18. c5 d5 19. b5 g5 20. Bg3 Ng6 21. bxc6 bxc6 22. Bh2
f4 23. Bd1 Bf5 24. Qa4 Qd7 25. Bb3 f3 26. gxf3 exf3 27. Kh1 Bxh3 28. Rg1 Bg2+
29. Rxg2 fxg2+ 30. Kxg2 Nh4+ 31. Kf1 Qh3+ 32. Ke2 Qxh2 33. Qxc6 Ng4 34. Rf1
Nxe3 35. Rc1 Nef5+ 36. Kd3 Qh3+ 37. f3 Re3+ 0-1

[Event "Mundial Juvenil femenino 2005 s14"]
[Site "Belfort FRA"]
[Date "2005.07.19"]
[Round "1.4"]
[White "Drobrenski, Jessika"]
[Black "Melekhina, Alisa"]
[Result "0-1"]
[WhiteElo "1599"]
[BlackElo "2163"]
[PlyCount "90"]
[EventDate "2005.07.19"]
[EventType "swiss"]
[EventRounds "11"]
[EventCountry "FRA"]
[Source "lmi"]
[SourceDate "2005.07.31"]

1. e4 e5 2. Nf3 Nc6 3. Bb5 d6 4. d4 Bd7 5. Bxc6 Bxc6 6. Qd3 f6 7. Nc3 Ne7 8.
O-O Ng6 9. Qc4 Qc8 10. Be3 Be7 11. Rad1 Nf4 12. Bxf4 exf4 13. Rfe1 Kf8 14. Nd2
g5 15. e5 Kg7 16. d5 Be8 17. exf6+ Bxf6 18. Nde4 Bf7 19. Nxf6 Kxf6 20. Qd4+ Kg6
21. Qd3+ Kg7 22. Ne4 Qd8 23. Qc3+ Kg6 24. Qf3 Re8 25. h4 h6 26. Rd3 Re5 27.
hxg5 hxg5 28. Qg4 Qc8 29. Qf3 Bxd5 30. c4 Bxc4 31. Rdd1 Qe8 32. Rd4 d5 33. Qc3
c5 34. Rdd1 Rxe4 35. b3 Bb5 36. Qc2 Kf6 37. Rxe4 Qxe4 38. Qxc5 Bc6 39. Qd6+ Qe6
40. Qb4 Re8 41. Qc3+ Qe5 42. Qh3 Kg6 43. Rc1 d4 44. b4 Qf5 45. Qb3 Qe4 0-1

[Event "Mundial Juvenil femenino 2005 s14"]
[Site "Belfort FRA"]
[Date "2005.07.19"]
[Round "1.5"]
[White "Muzychuk, Mariya"]
[Black "Esonboeva, Gulruhsor"]
[Result "1-0"]
[WhiteElo "2113"]
[BlackElo "1599"]
[PlyCount "85"]
[EventDate "2005.07.19"]
[EventType "swiss"]
[EventRounds "11"]
[EventCountry "FRA"]
[Source "lmi"]
[SourceDate "2005.07.31"]

1. e4 c5 2. Nc3 Nc6 3. f4 e6 4. g3 g6 5. Bg2 Bg7 6. d3 Nge7 7. Be3 d6 8. Nf3
Qb6 9. Rb1 d5 10. exd5 exd5 11. Na4 Qb5 12. Nxc5 d4 13. Ne4 O-O 14. Bd2 Qd5 15.
a3 Bg4 16. O-O Nf5 17. h3 Bxf3 18. Qxf3 Qd7 19. Nc5 Qc7 20. b4 a6 21. Kh2 Rfe8
22. Rfe1 Rac8 23. Re4 Rxe4 24. dxe4 Nd6 25. Qb3 Qe7 26. e5 Nf5 27. Bd5 a5 28.
e6 f6 29. Nd7 axb4 30. axb4 b5 31. Ra1 Bf8 32. Ra6 Nd8 33. Nxf6+ Kg7 34. Ne4
Ne3 35. Bxe3 dxe3 36. Qb2+ Kg8 37. Ra7 Qxa7 38. e7+ Nf7 39. Nf6+ Kg7 40. Nh5+
Kh6 41. exf8=Q+ Rxf8 42. Qg7+ Kxh5 43. Bf3# 1-0

[Event "Mundial Juvenil femenino 2005 s14"]
[Site "Belfort FRA"]
[Date "2005.07.19"]
[Round "1.6"]
[White "Fernandez, Laura"]
[Black "Guramishvili, Sopiko"]
[Result "1-0"]
[WhiteElo "1599"]
[BlackElo "2104"]
[PlyCount "107"]
[EventDate "2005.07.19"]
[EventType "swiss"]
[EventRounds "11"]
[EventCountry "FRA"]
[Source "lmi"]
[SourceDate "2005.07.31"]

1. e4 c5 2. Nc3 Nc6 3. Nf3 e5 4. Bc4 Be7 5. Nd5 Nf6 6. d3 d6 7. c3 O-O 8. h3
Nxd5 9. Bxd5 Be6 10. Bxe6 fxe6 11. Qb3 Qd7 12. O-O Rab8 13. a4 Bf6 14. Be3 Qf7
15. Rad1 a6 16. d4 cxd4 17. cxd4 b5 18. dxe5 Nxe5 19. Nxe5 Bxe5 20. f4 bxa4 21.
Qxa4 Bxb2 22. Rxd6 a5 23. Qxa5 Rb3 24. Qd2 Ba3 25. Rd7 Qg6 26. f5 Qe8 27. Rd1
Kh8 28. f6 gxf6 29. Bh6 Qg6 30. Rd8 Rg8 31. Rxg8+ Qxg8 32. Qd8 Bb2 33. Rd7 Rg3
34. Qxg8+ Rxg8 35. Re7 Rg6 36. Re8+ Rg8 37. Rxe6 Rg6 38. Be3 Kg8 39. Kf2 h5 40.
g3 Kf7 41. Rb6 Be5 42. Rb7+ Ke6 43. Bf4 Bxf4 44. gxf4 Rh6 45. e5 Kf5 46. Rf7
Rh8 47. Rxf6+ Ke4 48. e6 h4 49. f5 Ra8 50. e7 Re8 51. Rf7 Kf4 52. f6 Ra8 53.
Rf8 Ra2+ 54. Ke1 1-0

[Event "Mundial Juvenil femenino 2005 s14"]
[Site "Belfort FRA"]
[Date "2005.07.19"]
[Round "1.7"]
[White "Skinke, Katrina"]
[Black "Forgues, Valerie"]
[Result "1-0"]
[WhiteElo "2100"]
[BlackElo "1599"]
[PlyCount "99"]
[EventDate "2005.07.19"]
[EventType "swiss"]
[EventRounds "11"]
[EventCountry "FRA"]
[Source "lmi"]
[SourceDate "2005.07.31"]

1. e4 e5 2. Nf3 Nc6 3. Bc4 Bc5 4. d3 d6 5. c3 Nf6 6. O-O O-O 7. Nbd2 Bg4 8. h3
Be6 9. Bb5 Ne7 10. d4 exd4 11. Nxd4 c6 12. Bd3 Ng6 13. N2b3 Bb6 14. Nxe6 fxe6
15. Nd4 Qe7 16. Qb3 Rae8 17. Be3 Kh8 18. Rad1 Ne5 19. Bb1 Ned7 20. Qc2 Bxd4 21.
Bxd4 e5 22. Be3 b6 23. Qa4 Nb8 24. c4 Rd8 25. Rd2 d5 26. cxd5 cxd5 27. exd5
Nxd5 28. Qe4 Nf6 29. Qh4 Rxd2 30. Bxd2 e4 31. Re1 Re8 32. Bg5 Qb4 33. f3 Qxb2
34. fxe4 Qd4+ 35. Be3 Qe5 36. Bf4 Qh5 37. Qg3 Nc6 38. e5 Nd5 39. Bg5 h6 40. Qd3
hxg5 41. Qxd5 Ne7 42. Qe4 Kg8 43. Qa4 Ra8 44. Qd7 Qe8 45. Qe6+ Qf7 46. Bh7+ Kf8
47. Rf1 Qxf1+ 48. Kxf1 Re8 49. Qg4 Nc6 50. Qf3+ 1-0

[Event "Mundial Juvenil femenino 2005 s14"]
[Site "Belfort FRA"]
[Date "2005.07.19"]
[Round "1.8"]
[White "Guadamuro Torrente, Ana Isabel"]
[Black "Goossens, Hanna"]
[Result "1-0"]
[WhiteElo "2084"]
[BlackElo "1599"]
[PlyCount "51"]
[EventDate "2005.07.19"]
[EventType "swiss"]
[EventRounds "11"]
[EventCountry "FRA"]
[Source "lmi"]
[SourceDate "2005.07.31"]

1. e4 c5 2. Nf3 Nc6 3. d4 cxd4 4. Nxd4 g6 5. Nc3 Bg7 6. Be3 Nf6 7. Be2 O-O 8.
O-O d6 9. Kh1 a6 10. f4 Qc7 11. Qd2 Re8 12. f5 Ne5 13. fxg6 fxg6 14. Bh6 Neg4
15. Bxg4 Nxg4 16. Bxg7 Kxg7 17. Nd5 Qc5 18. b4 Qa7 19. Nc7 Rd8 20. Nxa8 Qxa8
21. Qg5 Re8 22. Nf5+ Bxf5 23. exf5 Nf6 24. fxg6 hxg6 25. Rf3 b5 26. Re1 1-0

[Event "Mundial Juvenil femenino 2005 s14"]
[Site "Belfort FRA"]
[Date "2005.07.19"]
[Round "1.9"]
[White "Hamza, Amira"]
[Black "Kulon, Klaudia"]
[Result "0-1"]
[WhiteElo "1599"]
[BlackElo "2069"]
[PlyCount "68"]
[EventDate "2005.07.19"]
[EventType "swiss"]
[EventRounds "11"]
[EventCountry "FRA"]
[Source "lmi"]
[SourceDate "2005.07.31"]

1. d4 Nf6 2. c4 g6 3. Nc3 Bg7 4. e4 d6 5. Bd3 O-O 6. Nge2 c5 7. d5 e6 8. O-O
exd5 9. exd5 a6 10. Bg5 h6 11. Bh4 Nbd7 12. b3 Ne5 13. Bc2 b5 14. cxb5 axb5 15.
Nxb5 Ba6 16. Nbc3 Re8 17. Re1 Qa5 18. Qd2 Ra7 19. f4 Bxe2 20. Bxf6 Bxf6 21.
fxe5 Rxe5 22. Rxe2 Rxe2 23. Qxe2 Qxc3 24. Rf1 Rxa2 25. Qe8+ Kg7 26. Bb1 Rb2 27.
Qd7 Qd4+ 28. Kh1 Qxd5 29. Qg4 h5 30. Qg3 Rxb3 31. Qf2 Bd4 32. Qh4 Rb2 33. Qg3
c4 34. Rd1 Be5 0-1

[Event "Mundial Juvenil femenino 2005 s14"]
[Site "Belfort FRA"]
[Date "2005.07.19"]
[Round "1.11"]
[White "Heinzel, Lisette"]
[Black "Smith, Hazel"]
[Result "0-1"]
[WhiteElo "1599"]
[BlackElo "2023"]
[PlyCount "82"]
[EventDate "2005.07.19"]
[EventType "swiss"]
[EventRounds "11"]
[EventCountry "FRA"]
[Source "lmi"]
[SourceDate "2005.07.31"]

1. e4 e6 2. d4 d5 3. Nc3 Bb4 4. exd5 exd5 5. Bd2 Nc6 6. Nce2 Bf5 7. c3 Be7 8.
Ng3 Bg6 9. Nf3 a6 10. Be3 Qd7 11. Bd3 Nf6 12. Qc2 Bd6 13. O-O-O O-O-O 14. Nf5
Ne4 15. Nxd6+ Nxd6 16. h4 Nc4 17. Bf4 Rhe8 18. h5 Bxd3 19. Qxd3 Re4 20. Bg3 h6
21. Nd2 Nxd2 22. Qxd2 Rde8 23. Rde1 Qf5 24. Re3 Na5 25. b3 Nc6 26. Rh4 Rxe3 27.
fxe3 Qg5 28. Bf2 Qxg2 29. Qe2 Re4 30. Rf4 Nd8 31. Kd2 f6 32. c4 Ne6 33. Rxe4
dxe4 34. d5 Ng5 35. Kc3 Nh3 36. c5 Nxf2 37. c6 Qg3 38. cxb7+ Kxb7 39. Qc4 Qxe3+
40. Kb4 Nd3+ 41. Ka5 Qb6+ 0-1

[Event "Mundial Juvenil femenino 2005 s14"]
[Site "Belfort FRA"]
[Date "2005.07.19"]
[Round "1.12"]
[White "Zaichenko, Daria"]
[Black "Hemanthage, Udani Vindya"]
[Result "1-0"]
[WhiteElo "2023"]
[BlackElo "1599"]
[PlyCount "65"]
[EventDate "2005.07.19"]
[EventType "swiss"]
[EventRounds "11"]
[EventCountry "FRA"]
[Source "lmi"]
[SourceDate "2005.07.31"]

1. d4 Nf6 2. c4 g6 3. Nc3 Bg7 4. e4 d6 5. Nf3 O-O 6. h3 Nbd7 7. Bg5 h6 8. Be3
e5 9. d5 Re8 10. Nd2 b6 11. g4 g5 12. h4 gxh4 13. g5 Nh7 14. gxh6 Bf6 15. Bh3
Ndf8 16. Bf5 Kh8 17. Qh5 Qe7 18. O-O-O Bxf5 19. exf5 Bg5 20. Nde4 Bxe3+ 21.
fxe3 Nd7 22. Rdg1 Rg8 23. Rg7 Raf8 24. Rxh4 Ndf6 25. Nxf6 Nxf6 26. Qg5 Qd8 27.
Rh1 Nh7 28. Qg4 Nf6 29. Qg2 Qc8 30. Rg1 Qe8 31. h7 Nxh7 32. Rxh7+ Kxh7 33. Qh1#
1-0

[Event "Mundial Juvenil femenino 2005 s14"]
[Site "Belfort FRA"]
[Date "2005.07.19"]
[Round "1.13"]
[White "Homyakova, Katsiaryna"]
[Black "Pon, N. Krithika"]
[Result "1/2-1/2"]
[WhiteElo "1599"]
[BlackElo "2007"]
[PlyCount "49"]
[EventDate "2005.07.19"]
[EventType "swiss"]
[EventRounds "11"]
[EventCountry "FRA"]
[Source "lmi"]
[SourceDate "2005.07.31"]

1. e4 e5 2. Nf3 d6 3. d4 exd4 4. Nxd4 Nf6 5. Nc3 Be7 6. Bc4 O-O 7. O-O Re8 8.
Re1 c6 9. a4 Bf8 10. Bg5 h6 11. Bh4 Be7 12. Bg3 Bf8 13. h3 Nbd7 14. Kh1 Nxe4
15. Bxf7+ Kxf7 16. Nxe4 Nf6 17. Qf3 d5 18. Nxf6 Rxe1+ 19. Rxe1 Qxf6 20. Qe3 Bd7
21. Be5 Qg6 22. Qb3 b6 23. c4 Kg8 24. cxd5 c5 25. Nf3 1/2-1/2

[Event "Mundial Juvenil femenino 2005 s14"]
[Site "Belfort FRA"]
[Date "2005.07.19"]
[Round "1.14"]
[White "Khoo, Selina"]
[Black "Jamison, Courtney"]
[Result "0-1"]
[WhiteElo "2006"]
[BlackElo "1599"]
[PlyCount "146"]
[EventDate "2005.07.19"]
[EventType "swiss"]
[EventRounds "11"]
[EventCountry "FRA"]
[Source "lmi"]
[SourceDate "2005.07.31"]

1. e4 e5 2. Bc4 Bc5 3. Nc3 Nf6 4. d3 h6 5. f4 d6 6. Nf3 Nc6 7. Na4 Bb6 8. Nxb6
axb6 9. a3 O-O 10. O-O Bd7 11. Qe1 Nh5 12. fxe5 dxe5 13. Nh4 Be6 14. Bxe6 fxe6
15. Rxf8+ Qxf8 16. Be3 Qf6 17. Nf3 Rf8 18. Qf2 Nf4 19. Rf1 Qg6 20. Kh1 Nh5 21.
Qe1 Nf4 22. Qd2 Nh5 23. Rf2 Nf6 24. Rf1 Nh5 25. Qd1 Nf6 26. Nh4 Qe8 27. Qf3 Nd7
28. Qe2 Nf6 29. h3 Kh7 30. Kh2 Rf7 31. c3 Qf8 32. Rf3 g5 33. Qf2 g4 34. Rg3
Nxe4 35. Qxf7+ Qxf7 36. dxe4 gxh3 37. Kxh3 Qh5 38. Rf3 Ne7 39. g4 Qe8 40. Rf6
Ng8 41. Rf2 Qe7 42. Nf3 Qg7 43. Nxe5 Nf6 44. Rf4 Kg8 45. Bd4 Qg5 46. Nd3 Nd7
47. e5 c5 48. Bf2 Nxe5 49. Bh4 Qg7 50. Bf6 Nxd3 51. Bxg7 Nxf4+ 52. Kg3 Ne2+ 53.
Kf2 Kxg7 54. Kxe2 Kf6 55. Kf3 Ke5 56. Ke3 b5 57. b3 b6 58. c4 bxc4 59. bxc4 Kf6
60. Kf4 e5+ 61. Ke4 Kg5 62. Kxe5 Kxg4 63. Kd6 h5 64. Kc6 h4 65. Kxb6 h3 66. a4
h2 67. Kxc5 h1=Q 68. Kb6 Qh6+ 69. Kb5 Qg5+ 70. c5 Qd5 71. a5 Qb7+ 72. Kc4 Qc6
73. Kb4 Kf5 0-1

[Event "Mundial Juvenil femenino 2005 s14"]
[Site "Belfort FRA"]
[Date "2005.07.19"]
[Round "1.15"]
[White "Jorgensen, Line Jin"]
[Black "Dudas, Eszter"]
[Result "0-1"]
[WhiteElo "1599"]
[BlackElo "2000"]
[PlyCount "28"]
[EventDate "2005.07.19"]
[EventType "swiss"]
[EventRounds "11"]
[EventCountry "FRA"]
[Source "lmi"]
[SourceDate "2005.07.31"]

1. e4 e5 2. f4 Bc5 3. Nf3 d6 4. Nc3 Nf6 5. Be2 Nc6 6. fxe5 dxe5 7. h3 a6 8. d3
h6 9. a3 Nh5 10. g4 Ng3 11. Rh2 Nd4 12. Nxd4 Bxd4 13. h4 Bg1 14. Rh3 Qd4 0-1

[Event "Mundial Juvenil femenino 2005 s14"]
[Site "Belfort FRA"]
[Date "2005.07.19"]
[Round "1.16"]
[White "Anusca, Madalina-Maria"]
[Black "Jumayeva, Maysa"]
[Result "1-0"]
[WhiteElo "1999"]
[BlackElo "1599"]
[PlyCount "59"]
[EventDate "2005.07.19"]
[EventType "swiss"]
[EventRounds "11"]
[EventCountry "FRA"]
[Source "lmi"]
[SourceDate "2005.07.31"]

1. d4 d5 2. Nf3 e6 3. c4 Nf6 4. Nc3 Nbd7 5. Bg5 Be7 6. e3 O-O 7. Rc1 h6 8. Bh4
b6 9. Bd3 Bb7 10. O-O c5 11. Re1 Rc8 12. Qe2 dxc4 13. Bxc4 Bxf3 14. gxf3 cxd4
15. exd4 Nh5 16. Bg3 Bg5 17. Rcd1 Nf4 18. Qe4 Nf6 19. Qe5 Nh3+ 20. Kg2 Nxf2 21.
Bxf2 Rxc4 22. h4 Nd7 23. Qe2 Rc8 24. hxg5 Qxg5+ 25. Bg3 Nf6 26. Rg1 Nh5 27. Kf2
Nxg3 28. Rxg3 Qh4 29. Qe4 g6 30. Rdg1 1-0

[Event "Mundial Juvenil femenino 2005 s14"]
[Site "Belfort FRA"]
[Date "2005.07.19"]
[Round "1.17"]
[White "Kantor, Reka"]
[Black "Iordanidou, Zoi"]
[Result "1/2-1/2"]
[WhiteElo "1599"]
[BlackElo "1992"]
[PlyCount "89"]
[EventDate "2005.07.19"]
[EventType "swiss"]
[EventRounds "11"]
[EventCountry "FRA"]
[Source "lmi"]
[SourceDate "2005.07.31"]

1. Nf3 Nf6 2. c4 e6 3. Nc3 b6 4. g3 Bb7 5. Bg2 d5 6. cxd5 Nxd5 7. Nxd5 Bxd5 8.
O-O Be7 9. d4 O-O 10. Bf4 Nd7 11. Rc1 c5 12. dxc5 Nxc5 13. a3 Rc8 14. b4 Ne4
15. Rxc8 Qxc8 16. Qc1 Bf6 17. Be5 Bxe5 18. Nxe5 f6 19. Nd3 Qa6 20. Nf4 Rc8 21.
Qb2 Qc4 22. Rd1 Nc3 23. Bxd5 exd5 24. Rd3 d4 25. Qd2 Rd8 26. e3 g5 27. Ne2
Nxe2+ 28. Qxe2 Re8 29. Qh5 Re4 30. Qd1 Kf7 31. Rxd4 Rxd4 32. exd4 Qd5 33. Qd3
Kg7 34. Qc3 Kh6 35. Qe3 Kg7 36. Qe7+ Qf7 37. Qd6 Qc4 38. d5 Qe4 39. Qc7+ Kg6
40. h3 Qxd5 41. Qxa7 Qd1+ 42. Kg2 Qd5+ 43. Kh2 Qd4 44. Kg1 Qd1+ 45. Kh2 1/2-1/2

[Event "Mundial Juvenil femenino 2005 s14"]
[Site "Belfort FRA"]
[Date "2005.07.19"]
[Round "1.19"]
[White "Katerji, Meghri"]
[Black "Wiid, Daleen"]
[Result "0-1"]
[WhiteElo "1599"]
[BlackElo "1990"]
[PlyCount "76"]
[EventDate "2005.07.19"]
[EventType "swiss"]
[EventRounds "11"]
[EventCountry "FRA"]
[Source "lmi"]
[SourceDate "2005.07.31"]

1. e4 d5 2. exd5 Qxd5 3. d4 Nf6 4. Nc3 Qd6 5. Nf3 a6 6. Bg5 Nbd7 7. Bd3 g6 8.
O-O Bg7 9. Re1 e6 10. Ne5 Qxd4 11. Bxf6 Bxf6 12. Nxd7 Qxd7 13. Qd2 O-O 14. b3
b5 15. Rab1 Bb7 16. Ne4 Bxe4 17. Rxe4 Rad8 18. Rd1 Qc6 19. c4 b4 20. h3 Bc3 21.
Qe3 Rd7 22. Bc2 Rfd8 23. Rxd7 Rxd7 24. Rh4 Rd2 25. Be4 Qd6 26. g3 Rxa2 27. c5
Qd1+ 28. Kg2 Bd4 29. Qf4 Rxf2+ 30. Qxf2 Bxf2 31. Kxf2 Qd4+ 32. Kf3 Qxc5 33. Bb7
Qc3+ 34. Kg2 a5 35. Rc4 Qxb3 36. Rxc7 Qb2+ 37. Kf3 Qf6+ 38. Ke3 Qe5+ 0-1

[Event "Mundial Juvenil femenino 2005 s14"]
[Site "Belfort FRA"]
[Date "2005.07.19"]
[Round "1.20"]
[White "Agrest, Inna"]
[Black "Khadija, Malalla"]
[Result "1/2-1/2"]
[WhiteElo "1984"]
[BlackElo "1599"]
[PlyCount "93"]
[EventDate "2005.07.19"]
[EventType "swiss"]
[EventRounds "11"]
[EventCountry "FRA"]
[Source "lmi"]
[SourceDate "2005.07.31"]

1. e4 c6 2. d4 d5 3. exd5 cxd5 4. Bd3 Nf6 5. h3 Bd7 6. Nf3 e6 7. O-O Bd6 8. Re1
O-O 9. c3 Nc6 10. Bg5 Be7 11. Nbd2 h6 12. Bh4 Rc8 13. Rc1 Re8 14. Bb1 Nh7 15.
Bg3 f5 16. Ne5 Nxe5 17. Bxe5 Nf6 18. g4 Ne4 19. Nxe4 fxe4 20. f3 Bh4 21. Re3
Rf8 22. f4 Bf6 23. Qe2 Bxe5 24. fxe5 Qe7 25. Kg2 Rf4 26. Rf1 Rxf1 27. Qxf1 Rf8
28. Qe2 Qg5 29. b3 Bb5 30. c4 Ba6 31. Qe1 h5 32. Rg3 h4 33. Rc3 Qe7 34. Rc2 Rf3
35. Rf2 Qf7 36. Qf1 Rxf2+ 37. Qxf2 Qxf2+ 38. Kxf2 Kf7 39. Bc2 g5 40. cxd5 exd5
41. a4 b6 42. b4 Bc4 43. a5 bxa5 44. bxa5 Ke6 45. Bd1 Bd3 46. Be2 Bxe2 47. Kxe2
1/2-1/2

[Event "Mundial Juvenil femenino 2005 s14"]
[Site "Belfort FRA"]
[Date "2005.07.20"]
[Round "2.2"]
[White "Bodnaruk, Anastasia"]
[Black "Vetrila, Sanda"]
[Result "1-0"]
[WhiteElo "2165"]
[BlackElo "1924"]
[PlyCount "121"]
[EventDate "2005.07.19"]
[EventType "swiss"]
[EventRounds "11"]
[EventCountry "FRA"]
[Source "lmi"]
[SourceDate "2005.07.31"]

1. e4 e6 2. d3 c5 3. Nf3 Nc6 4. g3 g6 5. Bg2 Bg7 6. O-O Nge7 7. c3 e5 8. Be3 d6
9. Ne1 O-O 10. f4 Be6 11. Nf3 h6 12. fxe5 Nxe5 13. Nxe5 dxe5 14. Bxc5 Qc7 15.
Bxe7 Qxe7 16. Qc2 Rfd8 17. Rd1 Qd6 18. Na3 Rac8 19. Qf2 a6 20. Nc2 Qc7 21. Ne3
Rd6 22. c4 b5 23. Nd5 Bxd5 24. cxd5 Qc5 25. Qxc5 Rxc5 26. Rac1 Rxc1 27. Rxc1
Bf8 28. Bh3 f5 29. Kf2 Kg7 30. Ke3 Kf6 31. b4 h5 32. Rc7 Bh6+ 33. Ke2 Bf8 34.
a3 Bh6 35. Kd1 Be3 36. Ke2 Bd4 37. Rc2 Kg5 38. Kf3 Kf6 39. Bg2 Kg5 40. h4+ Kf6
41. Bh3 Bb6 42. Ke2 Bd4 43. Kd1 f4 44. gxf4 exf4 45. Ke2 Kg7 46. Kf3 Bf6 47.
Kxf4 Bxh4 48. Be6 Rd8 49. Rc7+ Kh6 50. e5 g5+ 51. Ke4 g4 52. Bf5 Be1 53. Rh7+
Kg5 54. Rg7+ Kh4 55. e6 Bc3 56. Rg6 g3 57. e7 Re8 58. d6 Bb2 59. Kf3 Bxa3 60.
d7 Rh8 61. Bg4 1-0

[Event "Mundial Juvenil femenino 2005 s14"]
[Site "Belfort FRA"]
[Date "2005.07.20"]
[Round "2.3"]
[White "Ramya, Krishna I"]
[Black "Vince, Viola"]
[Result "1-0"]
[WhiteElo "2165"]
[BlackElo "1816"]
[PlyCount "63"]
[EventDate "2005.07.19"]
[EventType "swiss"]
[EventRounds "11"]
[EventCountry "FRA"]
[Source "lmi"]
[SourceDate "2005.07.31"]

1. d4 d5 2. c4 e6 3. Nc3 c6 4. cxd5 exd5 5. Nf3 Nf6 6. Bg5 Be7 7. e3 Nbd7 8.
Bd3 O-O 9. O-O Re8 10. Qc2 h6 11. Bf4 Nh5 12. Nxd5 Nxf4 13. Nxf4 Nf6 14. Bc4
Bd6 15. Ng6 Be6 16. Nge5 Rc8 17. Qb3 Qe7 18. Bxe6 fxe6 19. Nc4 Bb8 20. Rfe1 Rf8
21. Nce5 Rfe8 22. Rac1 c5 23. dxc5 Ne4 24. Nd3 Rf8 25. Qc4 Nf6 26. Nf4 Rfe8 27.
Nd4 Bxf4 28. exf4 b6 29. Rxe6 Rxc5 30. Rxe7+ Rxc4 31. Rxe8+ Nxe8 32. Rxc4 1-0

[Event "Mundial Juvenil femenino 2005 s14"]
[Site "Belfort FRA"]
[Date "2005.07.20"]
[Round "2.4"]
[White "Melekhina, Alisa"]
[Black "Armas, Lara-Maria"]
[Result "1-0"]
[WhiteElo "2163"]
[BlackElo "1599"]
[PlyCount "65"]
[EventDate "2005.07.19"]
[EventType "swiss"]
[EventRounds "11"]
[EventCountry "FRA"]
[Source "lmi"]
[SourceDate "2005.07.31"]

1. e4 c5 2. Nc3 Nc6 3. g3 g6 4. Bg2 Bg7 5. Nge2 e6 6. d3 Nge7 7. O-O d5 8. exd5
exd5 9. Nf4 d4 10. Ne4 b6 11. Re1 O-O 12. a4 Rb8 13. b3 Bb7 14. Nh3 h6 15. Bf4
Ra8 16. Nd6 Bc8 17. g4 Be6 18. Nb5 Rc8 19. Nd6 Rc7 20. Ne4 Rd7 21. g5 hxg5 22.
Bxg5 f5 23. Nxc5 bxc5 24. Rxe6 Qc7 25. Bxc6 Nxc6 26. Rxg6 Ne5 27. Bf4 Re7 28.
Qh5 Rf6 29. Rg3 Qc6 30. Bxe5 Rxe5 31. Qg5 Re7 32. Nf4 Kf7 33. Qxg7+ 1-0